000 00965nam a22002897a 4500
003 CHAP
005 20220329143858.0
008 120509s1971 sp r 00010 spa d
010 _a103151
011 _a104123
035 _a114812
040 _cCHAP
082 0 0 _a542.1
_aN88
110 2 _aNuffield Foundation
_982196
245 1 0 _aQuímica :
_bInvestigaciones de laboratorio Fase I A
_cpor Nuffield Foundation
260 _aBarcelona :
_bReverté,
_cc1971
300 _a82 p. :
_bilus.
534 _pTíl. original :
_tChemistry laboratory investigarions : stage I A
_c1967
590 _aBATCH-UPD
_b10
_c20130110
_lUCH01
_h1625
590 _aBATCH-UPD
_b10
_c20130410
_lUCH01
_h1019
590 _aBATCH-UPD
_b10
_c20130914
_lUCH01
_h1950
590 _aCONVERSION
_b10
_c20130109
_lUCH01
_h1357
650 1 4 _aQuímica
_xManuales de laboratorio.
_993567
901 _aBK
942 _cLIBRO
949 _a542.1 N88
_bBC
_cLIBRO
_d33724002329769
_eLIBRO
_h116610
_i114812
_sb
999 _c103151
_d103151